[Event "GER-ch U10"]
[Site "Willingen"]
[Date "2023.05.30"]
[Round "5"]
[White "Brueckner, Julian"]
[Black "Gruner, Cornelius"]
[Result "1/2-1/2"]
[WhiteElo "1681"]
[BlackElo "1279"]
[PlyCount "89"]
[EventDate "2023.05.27"]
[EventType "swiss"]
[EventRounds "11"]
[EventCountry "GER"]
[SourceTitle "CBM 214 Extra"]
[Source "ChessBase"]
[SourceDate "2023.07.31"]
[SourceVersion "1"]
[SourceVersionDate "2023.07.31"]
[SourceQuality "1"]

1. e4 c5 2. Nf3 a6 3. c3 e6 4. d4 cxd4 5. cxd4 d6 6. Bd3 Nf6 7. 0-0 Be7 8. Nc3 0-0 9. Be3 Nbd7 10. Rc1 b6 11. Bc2 Bb7 12. Qd3 e5 13. d5 Rc8 14. Ne2 Nc5 15. Bxc5 Rxc5 16. Ng3 Qc7 17. Nf5 Rc8 18. Rfd1 Bd8 19. Rd2 Rc4 20. Ng3 a5 21. Qe2 b5 22. Ne1 b4 23. Rb1 Qc5 24. Nd3 Qc7 25. Bb3 Rd4 26. Rc2 Qd7 27. Rxc8 Bxc8 28. Qc2 Ba6 29. Ne1 Bb5 30. Nf3 Bd3 31. Qc1 Bxb1 32. Nxd4 Bxe4 33. Nxe4 Nxe4 34. Qe3 Nf6 35. Nc6 Bc7 36. Qa7 h6 37. Qa8+ Kh7 38. Bc2+ e4 39. h3 Qf5 40. Ne7 Qf4 41. Bb3 Qc1+ 42. Kh2 Qf4+ 43. Kg1 e3 44. Bc2+ g6 45. Qf8 1/2-1/2

[Event "Sachsen-Anhalt-ch op"]
[Site "Magdeburg"]
[Date "2022.10.31"]
[Round "5"]
[White "Zehe, Marc Kevin"]
[Black "Brueckner, Julian"]
[Result "1-0"]
[WhiteElo "1785"]
[BlackElo "1088"]
[PlyCount "65"]
[EventDate "2022.10.29"]
[EventType "swiss"]
[EventRounds "7"]
[EventCountry "GER"]
[SourceTitle "CBM 211 Extra"]
[Source "ChessBase"]
[SourceDate "2023.01.31"]
[SourceVersion "1"]
[SourceVersionDate "2023.01.31"]
[SourceQuality "1"]

1. d4 d5 2. e4 dxe4 3. Nc3 Nf6 4. Bg5 e6 5. Nxe4 Be7 6. Nxf6+ Bxf6 7. Bxf6 Qxf6 8. Bd3 Nc6 9. Nf3 Bd7 10. c3 0-0 11. Qc2 Rfe8 12. Bxh7+ Kh8 13. Be4 Rac8 14. h4 Nd8 15. Ng5 Qh6 16. 0-0-0 Kg8 17. Kb1 Bc6 18. Rde1 Bxe4 19. Qxe4 c6 20. g4 Rc7 21. f4 Rce7 22. Reg1 f6 23. Nf3 Qh7 24. Qxh7+ Kxh7 25. g5 fxg5 26. hxg5+ Kg6 27. Ne5+ Kf5 28. g6 Kxf4 29. Rg4+ Ke3 30. Rh3+ Kf2 31. Rf3+ Ke2 32. Rg2+ Ke1 33. Nd3+ 1-0

[Event "Sachsen-Anhalt-ch op"]
[Site "Magdeburg"]
[Date "2022.10.30"]
[Round "3"]
[White "Brueckner, Julian"]
[Black "Binnewies, Markus"]
[Result "1/2-1/2"]
[WhiteElo "1088"]
[BlackElo "1826"]
[PlyCount "78"]
[EventDate "2022.10.29"]
[EventType "swiss"]
[EventRounds "7"]
[EventCountry "GER"]
[SourceTitle "CBM 211 Extra"]
[Source "ChessBase"]
[SourceDate "2023.01.31"]
[SourceVersion "1"]
[SourceVersionDate "2023.01.31"]
[SourceQuality "1"]

1. e4 e6 2. d4 d5 3. Bd3 c5 4. c3 Nc6 5. Nf3 Qb6 6. 0-0 cxd4 7. cxd4 dxe4 8. Bxe4 Nf6 9. Bd3 Be7 10. Be3 Nd5 11. Nc3 Qxb2 12. Nxd5 exd5 13. h3 Qa3 14. Re1 0-0 15. Bf4 Bd7 16. Qb1 Bb4 17. Re3 f5 18. Bc2 Qa6 19. a3 Be7 20. Qa2 Qa5 21. Bb3 Be8 22. Bxd5+ Bf7 23. Bxf7+ Rxf7 24. d5 Nb4 25. axb4 Qxa2 26. Rxa2 Bxb4 27. Rb3 Bc5 28. Rc2 b6 29. d6 a5 30. Ng5 a4 31. Rd3 Rd7 32. Ne6 a3 33. Ra2 Bb4 34. Rb3 Ra4 35. Nd4 Bc5 36. Ne6 Bb4 37. Nd4 Bc5 38. Ne6 Bb4 39. Nd4 Bc5 1/2-1/2